| 000 | 00896cam a22001811 4500 | ||
|---|---|---|---|
| 001 | 000004914 | ||
| 005 | 20200929151531.0 | ||
| 008 | 770719s1925 sp 000 0 spa | ||
| 040 |
_aDO-SdBNP _bspa _cBNPHU |
||
| 080 |
_axxx _bS586h |
||
| 100 | 1 |
_aSilva Uzcategui, Rafael Domingo _914207 |
|
| 245 | 1 | 0 |
_aHistoria critica del modernismo en la literatura castellana : _bestudio de critica cientifica ... : psicopatologia de los corifeos del modernismo, demostrada con los actos, las teorias, las innovaciones i las poesias de ellos mismos; obra profusamente documentada. / _cR. D. Silva Uzcátegui. |
| 260 |
_a[Barcelona : _bImprenta Vda de L. Tasso], _c1925. |
||
| 300 |
_a459 p., 1 h. ; _c21 cm. |
||
| 650 | 4 |
_aLiteratura castellana _ySIGLO XIX-XX _xHistória crítica _914208 |
|
| 650 | 4 |
_aModernismo literatura _zEspaña _xHistoria y crítica _914209 |
|
| 740 | 0 | _aModernismo en la literatura castellana. | |
| 999 |
_c4720 _d4720 |
||